000
00310pab a2200133 454500
008
180718b1986 xxu||||| |||| 00| 0 eng d
245
_a
Special issue on focus on public sector
260
_c
1986
300
_a
4-28
362
_a
16 Sept.
650
_a
Government Enterprise
773
_a
Yojana
909
_a
9196
999
_c
9196
_d
9196